Julius Caesar's Assassins - Statistics

General Stats
  • This quiz has been taken 158 times
  • The average score is 6 of 22
Answer Stats
Answer % Correct
Marcus Junius Brutus
100%
Gaius Cassius Longinus
77%
Gaius Cassius Parmensis
74%
Lucius Cassius Longinus
74%
Gaius Servilius Casca
48%
Gaius Trebonius
26%
Decimus Junius Brutus Albinus
24%
Decimus Turullius
23%
Lucius Cornelius Cinna
22%
Lucius Tillius Cimber
21%
Quintus Ligarius
15%
Lucius Minucius Basilus
13%
Lucius Pontius Aquila
6%
Servius Sulpicius Galba
6%
Pacuvius Antistius Labeo
5%
Rubrius Ruga
4%
Caecilius
3%
Marcus Spurius
3%
Petronius
3%
Publius Servilius Casca Longus
3%
Publius Sextius Naso
3%
Bucolianus
2%
No matching quizzes found
Score Distribution
Percent of People with Each Score
Percentile by Number Answered
Your Score History
You have not taken this quiz